<?xml version="1.0" encoding="UTF-8"?>
<marc:record xmlns:marc="http://www.loc.gov/MARC21/slim">
   <marc:leader>00000nam a2200000 a 4500</marc:leader>
   <marc:datafield ind1="1" ind2=" " tag="100">
      <marc:subfield code="a">Martini, Steve</marc:subfield>
      <marc:subfield code="4">aut</marc:subfield>
      <marc:subfield code="e">Verfasser/-in</marc:subfield>
   </marc:datafield>
   <marc:datafield ind1="0" ind2="0" tag="245">
      <marc:subfield code="a">Zwingender Beweis</marc:subfield>
   </marc:datafield>
   <marc:datafield ind1="0" ind2="0" tag="245">
      <marc:subfield code="b">Roman</marc:subfield>
   </marc:datafield>
   <marc:datafield ind1="0" ind2="0" tag="245">
      <marc:subfield code="c">Steve MARTINI</marc:subfield>
   </marc:datafield>
   <marc:datafield ind1=" " ind2="1" tag="264">
      <marc:subfield code="a">Düsseldorf u.a.</marc:subfield>
      <marc:subfield code="b">ECON-Verl.</marc:subfield>
      <marc:subfield code="c">1992</marc:subfield>
   </marc:datafield>
   <marc:datafield ind1="1" ind2=" " tag="520">
      <marc:subfield code="a">Ben Potter, designierter Richter am Obersten Gerichtshof, wird ermordet in seinem Büro aufgefunden. Der Tat verdächtigt wird seine Frau Taila. Anhand der Indizien wird sie wegen Mordes vor Gericht gestellt. Ihre Verteidigung übernimmt Paul Madriani, ein ehemaliger Mitarbeiter ihres Mannes und einer ihrer Ex-Liebhaber. Der Ausgang des Prozesses ist für seine weitere Zukunft entscheidend und gibt ihm die Chance, seine von ihm getrennt lebende Familie wiederzugewinnen. Ein spannend gemachter Justizroman, der bis zur letzten Seite mit Überraschungen aufwartet und nebenbei einen interessanten Einblick in die amerikanische Rechtssprechung gibt. Packend die Gerichtsszenen, der schonungslose Schlagabtausch zwischen Staatsanwalt und Verteidiger und die schwierige Aufgabe der Geschworenen und des Richters. Sehr empfohlen.</marc:subfield>
   </marc:datafield>
   <marc:datafield ind1=" " ind2=" " tag="020">
      <marc:subfield code="a">9783430163514</marc:subfield>
      <marc:subfield code="9">9783430163514</marc:subfield>
   </marc:datafield>
   <marc:datafield ind1=" " ind2=" " tag="020">
      <marc:subfield code="a">343016351X</marc:subfield>
      <marc:subfield code="9">343016351X</marc:subfield>
   </marc:datafield>
   <marc:datafield ind1=" " ind2=" " tag="500">
      <marc:subfield code="a">Aus dem Engl. übers.</marc:subfield>
   </marc:datafield>
   <marc:datafield ind1="0" ind2=" " tag="490">
      <marc:subfield code="v">0</marc:subfield>
   </marc:datafield>
   <marc:datafield ind1=" " ind2=" " tag="300">
      <marc:subfield code="a">504 S.</marc:subfield>
   </marc:datafield>
</marc:record>
